100 films d'animation français en images - Statistiques

Statistiques générales
  • Ce quiz a été pris 332 fois
  • Le résultat moyen est 25 sur 100
Statistiques - réponses
Par images Réponse % Correct
Kirikou et la Sorcière
96%
Le Petit Prince
92%
Le Triomphe de Babar
92%
Oggy et les Cafards, le film
89%
Titeuf, le film
89%
Le Petit Nicolas : Qu'est-ce qu'on attend pour être heureux ?
88%
Tous à l'Ouest : Une aventure de Lucky Luke
88%
Miraculous, le film
87%
T'choupi
85%
Yakari : La Grande Aventure
85%
Un monstre à Paris
81%
Les As de la jungle
71%
SamSam
70%
La Revanche des Humanoïdes
64%
Azur et Asmar
57%
Minuscule : La Vallée des fourmis perdues
55%
Bécassine et le Trésor viking
53%
Ernest et Célestine
53%
Ballerina
49%
Jack et la mécanique du cœur
49%
Playmobil, le film
47%
Persepolis
44%
Pourquoi j'ai pas mangé mon père
38%
Le Roi et l'Oiseau
37%
Dofus, livre 1 : Julith
35%
Les Triplettes de Belleville
34%
L'Apprenti Père Noël
33%
Princes et Princesses
32%
Le Chat du rabbin
29%
Arco
28%
Corto Maltese, la cour secrète des arcanes
24%
Le Sommet des dieux
23%
Chasseurs de dragons
22%
Le Magasin des suicides
22%
L'Illusionniste
21%
Zarafa
21%
Dilili à Paris
19%
Drôles de petites bêtes
19%
J'ai perdu mon corps
19%
Le Grand Méchant Renard et autres contes...
19%
Léo : La fabuleuse histoire de Léonard de Vinci
19%
Petit Potam, le film
19%
Mune, le Gardien de la Lune
18%
Sahara
18%
Amélie et la Métaphysique des tubes
17%
Lascars
17%
Petit Vampire
17%
Josep
15%
Zombillénium
15%
La Plus Précieuse des marchandises
13%
Les Mille et Une Farces de Pif et Hercule
12%
Avril et le Monde truqué
11%
La Prophétie des grenouilles
11%
Marcel et Monsieur Pagnol
11%
Aya de Yopougon
10%
Emilie Jolie
10%
La Planète sauvage
10%
Linda veut du poulet
10%
Mars Express
10%
Mutafukaz
10%
Les Hirondelles de Kaboul
9%
Calamity, une enfance de Martha Jane Cannary
8%
Le Tableau
8%
Piccolo, Saxo et Compagnie
8%
Une vie de chat
8%
Angelo dans la forêt mystérieuse
7%
Le Roman de Renard
7%
Loulou, l'incroyable secret
7%
Phantom Boy
7%
Interdit aux chiens et aux Italiens
6%
Tout en haut du monde
6%
Hopper et le Hamster des ténèbres
5%
Les Enfants de la pluie
5%
Panique au village
5%
Les Maîtres du temps
4%
Pil
4%
Princesse Dragon
4%
Tante Hilda !
4%
Falcon express
3%
Gandahar
3%
La Vie de château : Mon enfance à Versailles
3%
Le Château des singes
3%
Le Tour du monde en quatre-vingts jours
3%
Sirocco et le Royaume des courants d'air
3%
Terra Willy, planète inconnue
3%
La Traversée
2%
L'Extraordinaire Voyage de Marona
2%
Louise en hiver
2%
Nina et le Secret du hérisson
2%
Pattie et la colère de Poséidon
2%
Renaissance
2%
Robinson et compagnie
2%
Slocum et moi
2%
Adama
1%
Bonjour Paris !
1%
Dounia et la Princesse d'Alep
1%
Gwen et le livre de sable
1%
Jeannot l'intrépide
1%
Kaena, la prophétie
1%
L'Enfant invisible
1%
Aucun quiz correspondant
Distribution des résultats
% des personnes avec chaque résultat
Percentile par nombre de réponses
Votre historique - résultats
Vous n’avez pas pris ce quiz